Školy, vzdelávanie a peniaze. 3

Pokračovanie seriálu o systéme efektívneho financovania školstva. Úloha a podmienky financovania školstva štátom. Rozdiel medzi súkromnými a štátnymi školami. Labyrint vyhlášok a iných starých predpisov. Kritériá hľadania úspor.

Salvato in:
Dettagli Bibliografici
Autore principale: Straka, P.
Natura: Capitolo di libro
Lingua:slovacco
Soggetti:
Tags: Aggiungi Tag
Nessun Tag, puoi essere il primo ad aggiungerne!!

MARC

LEADER 00000naa a2200000 4500
001 r021256
005 20230801104635.0
041 0 |a slo 
044 |a SK 
245 1 0 |a Školy, vzdelávanie a peniaze. 3  |c P. Straka 
520 |a Pokračovanie seriálu o systéme efektívneho financovania školstva. Úloha a podmienky financovania školstva štátom. Rozdiel medzi súkromnými a štátnymi školami. Labyrint vyhlášok a iných starých predpisov. Kritériá hľadania úspor. 
610 2 0 |a Slovensko 
610 2 0 |a školy 
610 2 0 |a školstvo 
610 2 0 |a vzdelávanie 
610 2 0 |a financovanie 
100 1 |a Straka, P.